000 00742nam a2200289Ia 4500
005 20260324143621.0
008 008 260324s9999 xx 000 0 eng d
020 _a9780203835333
037 _aEBOOK
040 _aCRL
040 _beng
040 _cCRL
041 _2eng
041 _aeng
084 _qCRL
100 _aCarlos Ramirez-Faria
_91216306
245 4 _aThe Origins of Economic Inequality Between Nations
245 2 _bA Critique of Western Theories on Development and Underdevelopment
260 _bTaylor and Francis
260 _c1991
365 _a
365 _b240
856 _uhttp://www.taylorfrancis.com/books/9780203835333
942 _cEBOOK
999 _c1821895
_d1821895